[Event "4NCL Division 3s"]
[Site "Daventry Court ENG"]
[Date "2015.02.15"]
[Round "6.99"]
[White "Kane, Robert (Bob) B"]
[Black "Durrant, Paul EO"]
[Result "1-0"]
[WhiteElo "1893"]
[BlackElo "1541"]
[PlyCount "79"]
[EventDate "2015.02.15"]

1. Nf3 g6 2. g3 Bg7 3. Bg2 c5 4. e4 Nc6 5. O-O d6 6. d3 Bg4 7. h3 Bd7 8. c3 Qc8
9. Kh2 h5 10. d4 cxd4 11. cxd4 h4 12. g4 Bxg4 13. hxg4 h3 14. Bh1 Qxg4 15. Nc3
Nh6 16. Rg1 Qd7 17. d5 Ng4+ 18. Rxg4 Qxg4 19. dxc6 bxc6 20. Qa4 Qd7 21. e5 O-O
22. Ng5 Qf5 23. Be3 Bxe5+ 24. Kg1 h2+ 25. Kf1 Bxc3 26. bxc3 Qd3+ 27. Kg2 f6 28.
Rd1 Qb5 29. Qxb5 cxb5 30. Ne6 Rf7 31. Kxh2 Rc8 32. Bxa7 Rh7+ 33. Kg1 Rxc3 34.
Bd4 Ra3 35. Bd5 Kh8 36. Rc1 Rhh3 37. Rc8+ Kh7 38. Ng5+ Kh6 39. Nxh3 e5 40. Be3+
1-0

[Event "4NCL Division 3s"]
[Site "Daventry Court ENG"]
[Date "2015.02.15"]
[Round "6.99"]
[White "Evans, Chris John"]
[Black "Badger, Paul E R"]
[Result "0-1"]
[WhiteElo "1830"]
[BlackElo "1870"]
[PlyCount "90"]
[EventDate "2015.02.15"]

1. e4 c5 2. Nf3 d6 3. d4 cxd4 4. Nxd4 Nf6 5. Nc3 a6 6. Bg5 e6 7. f4 Be7 8. Qf3
Qc7 9. O-O-O Nc6 10. f5 Ne5 11. Qh3 Nfg4 12. Bh4 Bxh4 13. Qxh4 Qe7 14. Qe1 Qg5+
15. Kb1 Qe3 16. Qxe3 Nxe3 17. Re1 Nxf1 18. Rhxf1 Bd7 19. h3 Ke7 20. Rf2 Rac8
21. Nd1 Rc4 22. c3 Nd3 23. Rfe2 Nxe1 24. Rxe1 e5 25. Ne3 Rhc8 26. Nxc4 Rxc4 27.
Nf3 Rxe4 28. g4 Rxe1+ 29. Nxe1 Bc6 30. Kc1 Be4 31. Kd2 d5 32. Ke3 b5 33. a4 Kd6
34. axb5 axb5 35. b4 h5 36. Kf2 hxg4 37. hxg4 d4 38. cxd4 exd4 39. f6 gxf6 40.
Ke2 Kd5 41. Nd3 Bxd3+ 42. Kxd3 Ke5 43. Ke2 Ke4 44. Ke1 Ke3 45. Kd1 Kd3 0-1

[Event "4NCL Division 3s"]
[Site "Daventry Court ENG"]
[Date "2015.02.15"]
[Round "6.99"]
[White "Towers, Nigel S"]
[Black "Balouka-Myers, Gabriel"]
[Result "1-0"]
[WhiteElo "1834"]
[BlackElo "1569"]
[PlyCount "99"]
[EventDate "2015.02.15"]

1. e4 c6 2. d4 d5 3. exd5 cxd5 4. Bd3 Nf6 5. c3 Bg4 6. Qb3 Qc7 7. Ne2 Bxe2 8.
Bxe2 e6 9. Nd2 Bd6 10. Nf3 Nc6 11. O-O h6 12. c4 O-O 13. c5 Be7 14. Be3 Ng4 15.
h3 Nxe3 16. fxe3 Bf6 17. Nh2 Bh4 18. Rf3 Bg3 19. Nf1 Bh4 20. g3 Bf6 21. Kg2
Bxd4 22. exd4 Nxd4 23. Qe3 Nc2 24. Qc1 Nxa1 25. b4 Qe5 26. Bd1 a5 27. b5 Rfc8
28. Rc3 d4 29. Rc4 d3 30. Bf3 Nc2 31. Bxb7 Qe2+ 32. Kg1 Rd8 33. Qd2 Qxd2 34.
Nxd2 Na3 35. Rc1 Ra7 36. Bc6 Rc7 37. Rc3 Nb1 38. Nxb1 d2 39. Nxd2 Rxd2 40. a4
Rc8 41. Bf3 e5 42. c6 Rb2 43. c7 f5 44. Bd5+ Kh7 45. Be6 Rb1+ 46. Kf2 Rb2+ 47.
Ke3 f4+ 48. gxf4 exf4+ 49. Kf3 Rh2 50. Bxc8 1-0

[Event "4NCL Division 3s"]
[Site "Daventry Court ENG"]
[Date "2015.02.15"]
[Round "6.99"]
[White "Balouka-Myers, Reuben"]
[Black "Atara, Omeet J"]
[Result "1/2-1/2"]
[WhiteElo "1539"]
[BlackElo "1708"]
[PlyCount "64"]
[EventDate "2015.02.15"]

1. e4 b6 2. d4 Bb7 3. Nc3 e6 4. Bd3 Bb4 5. Nge2 d6 6. a3 Bxc3+ 7. Nxc3 h6 8.
Be3 Nf6 9. f3 Nbd7 10. Qd2 Qe7 11. O-O-O O-O-O 12. Qe2 Kb8 13. Ba6 Rhe8 14.
Bxb7 Kxb7 15. a4 a5 16. Qb5 Ra8 17. Qb3 Nb8 18. d5 e5 19. Qb5 Qd7 20. Qc4 Na6
21. Nb5 Rec8 22. Qb3 Ne8 23. c4 f6 24. Kb1 Rcb8 25. Rd2 Kc8 26. g4 h5 27. gxh5
Qh3 28. Rf2 Qxh5 29. Nc3 Qf7 30. Qb5 Qd7 31. Qb3 Qh3 32. Rg1 32... Qd7 {
Unable to decipher remaining moves.} 1/2-1/2

[Event "4NCL Division 3s"]
[Site "Daventry Court ENG"]
[Date "2015.02.15"]
[Round "6.99"]
[White "Booley, Graham M"]
[Black "Karia, Kamlesh"]
[Result "1/2-1/2"]
[WhiteElo "1813"]
[BlackElo "1698"]
[PlyCount "74"]
[EventDate "2015.02.15"]

1. e4 e5 2. Nf3 Nc6 3. Bb5 Nge7 4. c3 a6 5. Ba4 b5 6. Bc2 d6 7. h3 g6 8. O-O
Bg7 9. d3 h6 10. Re1 g5 11. Nh2 Ng6 12. Qh5 Nf4 13. Bxf4 gxf4 14. Bb3 Qf6 15.
Bd5 Bd7 16. Nd2 Qg6 17. Qxg6 fxg6 18. Ndf3 g5 19. Rac1 Rb8 20. d4 Ne7 21. dxe5
dxe5 22. Rcd1 Rd8 23. Ng4 Bxg4 24. hxg4 Rd6 25. Bb3 Nc6 26. Rd5 Ke7 27. Rc5 Rc8
28. Bd5 Nd8 29. Bb3 Nb7 30. Rd5 c6 31. Rxd6 Nxd6 32. Nd2 Kf6 33. f3 Rd8 34. Rd1
Nb7 35. Bc2 Nc5 36. Kf1 Bf8 37. Ke2 Be7 1/2-1/2

[Event "4NCL Division 3s"]
[Site "Daventry Court ENG"]
[Date "2015.02.15"]
[Round "6.99"]
[White "Willmoth, Harrison"]
[Black "Homolka, Vincent O"]
[Result "1/2-1/2"]
[WhiteElo "1552"]
[BlackElo "1794"]
[PlyCount "74"]
[EventDate "2015.02.15"]

1. e4 d5 2. exd5 Qxd5 3. Nc3 Qa5 4. d4 Nf6 5. g3 c6 6. Bg2 Bf5 7. Nge2 e6 8. h3
Nbd7 9. Be3 Be7 10. a3 O-O 11. O-O Nd5 12. Nxd5 cxd5 13. g4 Bg6 14. f4 Nf6 15.
Ng3 Bd6 16. g5 Ne4 17. Nxe4 Bxe4 18. Bxe4 dxe4 19. c3 Qd5 20. Rc1 b5 21. Qg4 f5
22. Qg3 Rfc8 23. Qf2 a5 24. Qc2 Rc4 25. b3 Rc7 26. c4 Qb7 27. c5 a4 28. b4 Qc6
29. Qa2 Bf8 30. Rfd1 Rd8 31. Rd2 Rd5 32. Rcd1 Kf7 33. h4 Kg8 34. Kf2 Qe8 35.
Rh1 Qh5 36. Re2 Be7 37. Qb2 Qf3+ 1/2-1/2

[Event "4NCL Division 3s"]
[Site "Daventry Court ENG"]
[Date "2015.02.15"]
[Round "6.239"]
[White "Homer, Neil S"]
[Black "Karia, Devin"]
[Result "1-0"]
[WhiteElo "1736"]
[BlackElo "1261"]
[PlyCount "155"]
[EventDate "2015.02.15"]
[WhiteTeam "e2e4.org.uk 4"]
[BlackTeam "Barnet Knights 2"]

1. Nf3 d5 2. d4 Nf6 3. c4 e6 4. Nc3 Be7 5. Bg5 O-O 6. e3 Nbd7 7. Rc1 b6 8. cxd5
exd5 9. Bd3 Bb7 10. O-O h6 11. Bh4 Rc8 12. Bf5 Ra8 13. Qb3 c5 14. Bxd7 c4 15.
Qa4 Nxd7 16. Bxe7 Qxe7 17. Qc2 Rad8 18. Ne2 Qf6 19. Ng3 b5 20. Nh5 Qe6 21. Nf4
Qe4 22. Qxe4 dxe4 23. Nd2 Ne5 24. Nxe4 Bxe4 25. dxe5 Rfe8 26. Rfd1 Rxd1+ 27.
Rxd1 a5 28. f3 Bc6 29. Rd6 Rc8 30. e4 b4 31. Kf2 c3 32. bxc3 bxc3 33. Nd3 Bb5
34. Nc1 Bc4 35. Ke3 a4 36. Rd4 Bb5 37. Kf2 Bc4 38. Ke1 a3 39. Kd1 c2+ 40. Kd2
Kf8 41. Rd7 Be6 42. Ra7 Rd8+ 43. Kxc2 Rc8+ 44. Kd2 Rd8+ 45. Nd3 Bxa2 46. Rxa3
Bc4 47. Ke3 Re8 48. f4 f6 49. exf6 gxf6 50. g3 Be6 51. f5 Bxf5 52. Ra4 Kg7 53.
Kf4 Bh7 54. g4 Kg6 55. Ra7 Rf8 56. h4 Rf7 57. h5+ Kg7 58. Rxf7+ Kxf7 59. Ne1
Ke6 60. Nf3 Kf7 61. Nd4 Ke7 62. Nf3 Kf7 63. Nd4 Ke7 64. e5 fxe5+ 65. Kxe5 Kf7
66. Nf5 Bxf5 67. Kxf5 Kg7 68. Ke6 Kg8 69. Kf6 Kf8 70. Kg6 Kg8 71. Kxh6 Kh8 72.
Kg6 Kg8 73. g5 Kh8 74. Kf7 Kh7 75. g6+ Kh8 76. g7+ Kh7 77. g8=Q+ Kh6 78. Qg6#
1-0

[Event "4NCL Division 3s"]
[Site "Daventry Court ENG"]
[Date "2015.02.15"]
[Round "6.99"]
[White "Ogunshola, Ben"]
[Black "Payne, Matthew J"]
[Result "1/2-1/2"]
[WhiteElo "2168"]
[BlackElo "1964"]
[PlyCount "56"]
[EventDate "2015.02.15"]

1. Nf3 Nf6 2. g3 g6 3. c4 Bg7 4. Nc3 d6 5. Bg2 O-O 6. O-O e5 7. d3 a5 8. e4 Na6
9. Ne1 c6 10. f4 Qb6+ 11. Kh1 Ng4 12. Qe2 exf4 13. Bxf4 Bd4 14. Nd1 Ne5 15. h3
Nc5 16. Bh6 Re8 17. Nc3 a4 18. a3 Be6 19. Qc2 Qb3 20. Qd2 Ra6 21. Rc1 Rb6 22.
Rc2 Bxc3 23. bxc3 Qxa3 24. d4 Nxc4 25. Qf2 Nd7 26. d5 cxd5 27. exd5 Bf5 28. g4
Qc5 1/2-1/2

[Event "4NCL Division 3s"]
[Site "Daventry Court ENG"]
[Date "2015.02.15"]
[Round "6.99"]
[White "Graham, William M"]
[Black "Froom, Oliver"]
[Result "1/2-1/2"]
[WhiteElo "1837"]
[BlackElo "1997"]
[PlyCount "57"]
[EventDate "2015.02.15"]

1. e4 c5 2. Nf3 d6 3. d3 Nf6 4. g3 g6 5. Bg2 Bg7 6. O-O O-O 7. c3 Nc6 8. Nbd2
e5 9. a4 h6 10. Nc4 Be6 11. Ne3 d5 12. exd5 Nxd5 13. Re1 Nde7 14. Qe2 Qc7 15.
Nc4 Bxc4 16. dxc4 Rad8 17. Be3 b6 18. Rab1 f5 19. Rbd1 Rf6 20. Rxd8+ Qxd8 21.
Rd1 Rd6 22. Rxd6 Qxd6 23. Ne1 g5 24. Nc2 e4 25. f4 g4 26. Bd2 Kf7 27. Ne3 Qd7
28. Bf1 Na5 29. Qd1 1/2-1/2

[Event "4NCL Division 3s"]
[Site "Daventry Court ENG"]
[Date "2015.02.15"]
[Round "6.99"]
[White "Sloan, Hamish"]
[Black "Finn, Thomas"]
[Result "0-1"]
[WhiteElo "1623"]
[BlackElo "1548"]
[PlyCount "56"]
[EventDate "2015.02.15"]

1. e4 e5 2. Nf3 Nc6 3. Bb5 a6 4. Ba4 Nf6 5. O-O Be7 6. Re1 b5 7. Bb3 O-O 8. d4
d6 9. c3 Bg4 10. d5 Na5 11. Bc2 Nc4 12. Nbd2 Nb6 13. Nb3 a5 14. Nbd2 Bd7 15.
Nf1 c5 16. b3 Qc7 17. Bd2 Rfc8 18. a3 a4 19. Qe2 Ra7 20. c4 Rca8 21. Bc3 axb3
22. Bxb3 Rxa3 23. Rxa3 Rxa3 24. Qb2 b4 25. Bd2 Ba4 26. Ba2 Qa7 27. Bc1 Bd1 28.
Qxa3 bxa3 0-1

[Event "4NCL Division 3s"]
[Site "Daventry Court ENG"]
[Date "2015.02.15"]
[Round "6.99"]
[White "Howell, Matthew G"]
[Black "Faizi, Tariq"]
[Result "1-0"]
[WhiteElo "1489"]
[BlackElo "1419"]
[PlyCount "81"]
[EventDate "2015.02.15"]

1. e4 e5 2. Nf3 Nc6 3. Bc4 Bc5 4. b4 Bxb4 5. c3 Be7 6. d4 Na5 7. Nxe5 Nxc4 8.
Nxc4 d5 9. exd5 Qxd5 10. Ne3 Qd8 11. O-O Nf6 12. Qf3 O-O 13. Nf5 Bxf5 14. Qxf5
c6 15. Nd2 Re8 16. Nc4 Qd5 17. Ne3 Qxf5 18. Nxf5 Bf8 19. Bg5 Ne4 20. h4 Nxc3
21. Bd2 Ne4 22. Bf4 g6 23. Ng3 Nxg3 24. Bxg3 Bg7 25. Rfd1 c5 26. Rab1 Bxd4 27.
Rxb7 a5 28. a4 Rad8 29. Rdb1 Bc3 30. R1b6 Bb4 31. Rf6 c4 32. Rfxf7 Bc3 33. Rxh7
Bd4 34. Rh6 c3 35. Rxg6+ Kh8 36. Bf4 c2 37. Rc7 Rc8 38. Rgc6 Rxc7 39. Rxc7 Re2
40. Rc4 Bb2 41. Kf1 1-0

[Event "4NCL Division 3s"]
[Site "Daventry Court ENG"]
[Date "2015.02.15"]
[Round "6.99"]
[White "Cooke, Charlie"]
[Black "Buttell, David"]
[Result "1/2-1/2"]
[WhiteElo "1753"]
[BlackElo "1793"]
[PlyCount "78"]
[EventDate "2015.02.15"]

1. d4 d5 2. c4 e6 3. Nc3 Nf6 4. e3 Nbd7 5. Nf3 c6 6. Be2 Be7 7. O-O O-O 8. b3
a6 9. Bb2 b5 10. cxb5 cxb5 11. Rc1 Bb7 12. Qd2 Bd6 13. Rfd1 Qe7 14. Qe1 Rfc8
15. Qf1 Ba3 16. Rd2 Ne4 17. Nxe4 dxe4 18. Ne5 Bxb2 19. Rxb2 Nxe5 20. dxe5 Qg5
21. Rd2 Qxe5 22. Qd1 g6 23. g3 Kg7 24. Kg2 Rxc1 25. Qxc1 Rc8 26. Qd1 Bd5 27.
Rc2 Rxc2 28. Qxc2 Qd6 29. Bd1 f5 30. Be2 Kh6 31. h4 e5 32. Kh2 f4 33. Bf1 g5
34. hxg5+ Kxg5 35. Qc8 fxe3 36. fxe3 Qf6 37. Bg2 h5 38. Qh3 Kg6 39. Qd7 Qc6
1/2-1/2

[Event "4NCL Division 3s"]
[Site "Daventry Court ENG"]
[Date "2015.02.15"]
[Round "6"]
[White "Herring, Sam"]
[Black "Grey, Nicholas D"]
[Result "1-0"]
[WhiteElo "1765"]
[BlackElo "1761"]
[PlyCount "91"]
[EventDate "2015.02.15"]

1. d4 Nf6 2. c4 c5 3. d5 b5 4. cxb5 a6 5. f3 d6 6. e4 g6 7. Na3 axb5 8. Bxb5+
Bd7 9. Ne2 Bg7 10. Bxd7+ Nfxd7 11. Nc4 Nb6 12. Qb3 N8d7 13. Nc3 O-O 14. Nxb6
Qxb6 15. Qxb6 Nxb6 16. Ke2 Rfb8 17. Bd2 Nc4 18. b3 Na3 19. Rac1 Rb7 20. Kd3 Rc8
21. Nd1 Rbc7 22. Ba5 Ra7 23. Bc3 Bh6 24. Ne3 Nb5 25. a4 Nxc3 26. Rxc3 Rb8 27.
Kc2 Rab7 28. Nc4 Rb4 29. Rd3 Bg7 30. g3 Rxc4+ 31. bxc4 Rb2+ 32. Kc1 Ra2 33. Rb3
Rxa4 34. Rb8+ Bf8 35. Kc2 f5 36. Kb3 Ra7 37. exf5 gxf5 38. g4 f4 39. Re1 Kf7
40. Re4 Bg7 41. Rxf4+ Kg6 42. h4 Ra1 43. Re8 Rb1+ 44. Ka4 Rb4+ 45. Ka5 Bd4 46.
Rxd4 1-0

[Event "4NCL Division 3s"]
[Site "Daventry Court ENG"]
[Date "2015.02.15"]
[Round "6.1"]
[White "Mallon, Gunnar"]
[Black "Robinson, Owen"]
[Result "1/2-1/2"]
[WhiteElo "1719"]
[BlackElo "1368"]
[PlyCount "59"]
[EventDate "2015.02.15"]

1. c4 e6 2. Nc3 Nf6 3. e4 e5 4. g3 Bc5 5. Bg2 d6 6. h3 Be6 7. d3 Nc6 8. Nge2 h6
9. Be3 Bxe3 10. fxe3 Nh7 11. Qd2 Qd7 12. g4 h5 13. gxh5 Nf6 14. O-O-O Rxh5 15.
Nd5 O-O-O 16. d4 Bxh3 17. Nxf6 gxf6 18. Ng1 Bg4 19. Rxh5 Bxh5 20. Rf1 exd4 21.
exd4 Qe7 22. d5 Ne5 23. Qc2 Rg8 24. b3 Kb8 25. Nf3 Bxf3 26. Bxf3 Nxf3 27. Rxf3
Rg4 28. Qh2 Rxe4 29. Qh8+ Qe8 30. Qxf6 1/2-1/2

[Event "4NCL Division 3s"]
[Site "Daventry Court ENG"]
[Date "2015.02.15"]
[Round "6.2"]
[White "Kitchen, Peter"]
[Black "Moore, John R"]
[Result "0-1"]
[WhiteElo "1713"]
[BlackElo "1711"]
[PlyCount "130"]
[EventDate "2015.02.15"]

1. Nf3 c5 2. e4 a6 3. d4 cxd4 4. Nxd4 e5 5. Nb3 Nf6 6. Nc3 Bb4 7. Bd2 Nc6 8.
Bd3 d6 9. O-O Be6 10. Qe1 h6 11. Kh1 O-O 12. Nd5 Nxd5 13. exd5 Bxd2 14. Qxd2
Bxd5 15. c4 Be6 16. Rfd1 Qc7 17. Be2 Rad8 18. Rac1 d5 19. cxd5 Bxd5 20. Qe3
Rfe8 21. Rc5 Bxb3 22. Qxb3 Rxd1+ 23. Bxd1 Rd8 24. Bf3 Rd4 25. Qc2 Qd6 26. g3 e4
27. Bg4 Rd2 28. Qc4 Rxf2 29. Rd5 Qb4 30. Qxb4 Nxb4 31. Rd8+ Kh7 32. Bc8 e3 33.
Kg1 Rxb2 34. Bxb7 Rxa2 35. Be4+ g6 36. Bf3 a5 37. Re8 a4 38. Rxe3 Rb2 39. Ra3
Ra2 40. Re3 Kg7 41. Rc3 Ra1+ 42. Kg2 a3 43. Rb3 a2 44. Rxb4 Rb1 45. Ra4 a1=Q
46. Rxa1 Rxa1 47. h4 f5 48. Bc6 Kf6 49. Bf3 Ke5 50. Bc6 Ra6 51. Bf3 Kd4 52. Kf2
Ra2+ 53. Kg1 Ke3 54. Bc6 Ra6 55. Bd5 Rd6 56. Bb7 Rd4 57. Kg2 g5 58. hxg5 hxg5
59. Bc6 f4 60. gxf4 gxf4 61. Bb7 Rd2+ 62. Kh3 f3 63. Ba6 Rg2 64. Bf1 Rg7 65.
Bc4 f2 0-1

[Event "4NCL Division 3s"]
[Site "Daventry Court ENG"]
[Date "2015.02.15"]
[Round "6.4"]
[White "Herring, Tim JC"]
[Black "Weaver, Lauren"]
[Result "1-0"]
[WhiteElo "1573"]
[BlackElo "1512"]
[PlyCount "79"]
[EventDate "2015.02.15"]

1. d4 Nf6 2. Bf4 g6 3. Nf3 Bg7 4. e3 d6 5. Bd3 Nbd7 6. Nbd2 Nd5 7. Bg3 c5 8. c3
O-O 9. Qb3 N5f6 10. h3 Nb6 11. O-O Be6 12. c4 Rc8 13. d5 Bd7 14. Qc2 Ne8 15.
Rae1 Na4 16. b3 Nc3 17. e4 b5 18. e5 bxc4 19. bxc4 Na4 20. Ne4 Rb8 21. Rb1 dxe5
22. Nxe5 f5 23. Rxb8 Qxb8 24. Nxd7 Qb4 25. Nxf8 fxe4 26. Bxe4 Kxf8 27. Qb3 Qa5
28. Qf3+ Kg8 29. Qg4 Nc3 30. Qe6+ Kf8 31. Bd3 Qxa2 32. Re1 Bf6 33. d6 exd6 34.
Qxe8+ Kg7 35. Bxd6 Kh6 36. Qf8+ Bg7 37. Bf4+ g5 38. Re6+ Kh5 39. Qf7+ Kh4 40.
Bg3# 1-0

[Event "4NCL Division 3s"]
[Site "Daventry Court ENG"]
[Date "2015.02.15"]
[Round "6.9"]
[White "Hung, Dylan"]
[Black "Bulmaga, Elena"]
[Result "1/2-1/2"]
[WhiteElo "1375"]
[BlackElo "1809"]
[PlyCount "61"]
[EventDate "2015.02.15"]

1. c4 Nf6 2. g3 e6 3. Bg2 d5 4. Nf3 Be7 5. d4 O-O 6. O-O dxc4 7. Na3 Nbd7 8.
Nxc4 c5 9. Bf4 Nd5 10. Bd2 N7f6 11. Rc1 b6 12. a3 Rb8 13. dxc5 Bxc5 14. b4 Be7
15. Re1 Bb7 16. Nd4 Rc8 17. e4 Nc3 18. Bxc3 Rxc4 19. e5 Bxg2 20. Kxg2 Nd5 21.
Qb3 Rxc3 22. Rxc3 Nxc3 23. Qxc3 Qa8+ 24. Qc6 Qb8 25. f4 Rc8 26. Qd7 Rc7 27. Nc6
Rxd7 28. Nxb8 Rd2+ 29. Kg1 g5 30. Nc6 Bd8 31. Nxd8 1/2-1/2